<?xml version="1.0" encoding="UTF-8"?>
<record
    xmlns:xsi="http://www.w3.org/2001/XMLSchema-instance"
    xsi:schemaLocation="http://www.loc.gov/MARC21/slim http://www.loc.gov/standards/marcxml/schema/MARC21slim.xsd"
    xmlns="http://www.loc.gov/MARC21/slim">

  <leader>02032    a2200253   4500</leader>
  <controlfield tag="001">63636</controlfield>
  <controlfield tag="005">20260407155935.0</controlfield>
  <controlfield tag="008">260407a2018    arg                 spa d</controlfield>
  <controlfield tag="003">AR-UNSa-BCEJYS</controlfield>
  <datafield tag="040" ind1=" " ind2=" ">
    <subfield code="a">AR-UNSa-BCEJYS</subfield>
    <subfield code="b">spa</subfield>
    <subfield code="c">AR-UNSa-BCEJYS</subfield>
  </datafield>
  <datafield tag="080" ind1=" " ind2=" ">
    <subfield code="a">658.8</subfield>
    <subfield code="x">Organizaci&#xF3;n de mercados. Marketing. Ventas. Distribuci&#xF3;n</subfield>
  </datafield>
  <datafield tag="245" ind1="1" ind2="0">
    <subfield code="a">Principios de marketing</subfield>
  </datafield>
  <datafield tag="020" ind1=" " ind2=" ">
    <subfield code="a">978-84-9035-612-8</subfield>
  </datafield>
  <datafield tag="250" ind1=" " ind2=" ">
    <subfield code="a">17a. ed.</subfield>
  </datafield>
  <datafield tag="264" ind1=" " ind2="1">
    <subfield code="a">Madrid :</subfield>
    <subfield code="b">Pearson Educaci&#xF3;n</subfield>
    <subfield code="c">2018</subfield>
  </datafield>
  <datafield tag="300" ind1=" " ind2=" ">
    <subfield code="a">xxiv, 765 p.</subfield>
    <subfield code="c">27 cm.</subfield>
  </datafield>
  <datafield tag="505" ind1=" " ind2=" ">
    <subfield code="a">1. Marketing: gesti&#xF3;n de la creaci&#xF3;n de valor y compromiso - 2. Estrategia de la empresa y de marketing: colaboraci&#xF3;n para establecer el valor, el compromiso y las relaciones con el cliente - 3. An&#xE1;lisis del entorno del marketing - 4. Gesti&#xF3;n de la informaci&#xF3;n de marketing para obtener informaci&#xF3;n de los clientes - 5. Mercados de consumidores y conductas de compra - 6. Mercados organizacionales - 7. Estrategia de marketing orientada al cliente: creaci&#xF3;n de valor para los clientes objetivo - 8. Productos, servicios y marcas: crear valor - 9. Desarrollo de nuevos productos y gesti&#xF3;n del ciclo de vida del producto - 10. Fijaci&#xF3;n del precio: comprensi&#xF3;n y captura de valor para el cliente - 11. Estrategias de precio: consideraciones adicionales - 12. Canales de marketing: distribuir el valor para el consumidor - 13. Minoristas y mayoristas - 14. Comprometer y comunicar el valor para el cliente: estrategia de comunicaci&#xF3;n de marketing integral - 15. Publicidad y relaiones p&#xFA;blicas - 16. Venta personal y promoci&#xF3;n de ventas - 17. Marketing directo, online, en redes sociales y en tel&#xE9;fonos m&#xF3;viles - 18. Creaci&#xF3;n de una ventaja competitiva - 19. El mercado global - 20. Marketing sostenible: responsabilidad social y &#xE9;tica - </subfield>
  </datafield>
  <datafield tag="041" ind1=" " ind2=" ">
    <subfield code="a">spa</subfield>
  </datafield>
  <datafield tag="942" ind1=" " ind2=" ">
    <subfield code="c">BK</subfield>
  </datafield>
  <datafield tag="590" ind1=" " ind2=" ">
    <subfield code="a">niveau_biblio:m niveau_hierar:0</subfield>
  </datafield>
  <datafield tag="100" ind1="1" ind2=" ">
    <subfield code="a">Kotler, Philip</subfield>
  </datafield>
  <datafield tag="700" ind1="1" ind2=" ">
    <subfield code="a">Armstrong, Gary</subfield>
  </datafield>
  <datafield tag="856" ind1="4" ind2="1">
    <subfield code="u">https://www.biblioeco.unsa.edu.ar/pmb/images/libros/L129413.jpg</subfield>
    <subfield code="y">Imagen de portada</subfield>
    <subfield code="q">image/jpeg</subfield>
  </datafield>
  <datafield tag="999" ind1=" " ind2=" ">
    <subfield code="c">8256</subfield>
    <subfield code="d">8256</subfield>
  </datafield>
  <datafield tag="952" ind1=" " ind2=" ">
    <subfield code="0">0</subfield>
    <subfield code="1">0</subfield>
    <subfield code="4">0</subfield>
    <subfield code="7">0</subfield>
    <subfield code="a">BCEJYS</subfield>
    <subfield code="b">BCEJYS</subfield>
    <subfield code="c">16</subfield>
    <subfield code="d">2026-04-07</subfield>
    <subfield code="l">0</subfield>
    <subfield code="o">658.8 K87p 17ed.</subfield>
    <subfield code="p">L129413</subfield>
    <subfield code="r">2026-04-07 15:59:35</subfield>
    <subfield code="w">2026-04-07</subfield>
    <subfield code="y">L</subfield>
  </datafield>
</record>
